| 000 | 01146nam1a22002651 4500 | ||
|---|---|---|---|
| 001 | rc\3714806 | ||
| 005 | 20130115153058.1 | ||
| 035 | _a(NLR Aleph) 007879208 | ||
| 090 |
_a7907203 _c7907203 |
||
| 100 | _a20130115g1971 |||y0rusy50 ca | ||
| 101 | 0 | _arus | |
| 102 | _aRU | ||
| 105 | _ay j ||||| | ||
| 200 | 1 |
_aУчебно-методическое пособие по фразеологии русского языка _eДля студентов-иностранцев _fПод ред. Д.С. Светлышева _gМ-во высш. и сред. спец. образования СССР. Моск. гос. пед. ин-т иностр. яз. им. Мориса Тореза. Кафедра рус. яз. |
|
| 205 | _a2-е изд. Вып. 1- | ||
| 210 |
_aМосква _cБ. и. _d1971- |
||
| 215 | _d20 | ||
| 606 |
_aРусский язык _xФразеология _jУчебники и пособия для нерусских _2psbo |
||
| 700 | 1 |
_aСоколова _bИ. Н. |
|
| 702 | 1 |
_aСветлышев _bД. С. _4340 |
|
| 801 | 0 |
_aRU _bNLR _gpsbo |
|
| 801 | 1 |
_aRU _bELAR _2rusmarc |
|
| 852 |
_aNLR _j71-3/1982 |
||
| 942 | _cBOOK | ||
| 980 | _aNB | ||